Statistics for harry styles songs

Click here to take the quiz!

General Stats

  • This quiz has been taken 43 times
  • The average score is 20 of 22

Answer Stats

Answer% Correct
golden
97%
watermelon sugar
97%
only angel
94%
she
94%
adore you
91%
carolina
91%
cherry
91%
fine line
91%
sunflower vol.6
91%
woman
91%
canyon moon
88%
ever since new york
88%
falling
88%
from the dining table
88%
kiwi
88%
lights up
88%
meet me in the hallway
88%
sign of the times
88%
treat people with kindness
85%
two ghosts
85%
sweet creature
82%
to be so lonely
82%

Score Distribution

Percentile by Number Answered

Percent of People with Each Score

Your Score History

You have not taken this quiz